Statistics for Wards of Sapporo City

Click here to take the quiz!

General Stats

  • This quiz has been taken 9 times
  • The average score is 8 of 10

Answers on the Map

Answers color-coded by a green-red scale on the quiz's map according to % correct below.
 

Answer Stats

Answer% Correct
Higashi 東
100%
Kita 北
100%
Minami 南
100%
Nishi 西
100%
Chuo 中央
80%
Atsubetsu 厚別
60%
Shiroishi 白石
60%
Teine 手稲
60%
toyohira 豊平
60%
Kiyota 清田
40%

Score Distribution

Percentile by Number Answered

Percent of People with Each Score

Your Score History

You have not taken this quiz